000 00757nam a2200229Ia 4500
003 OSt
005 20241123115808.0
008 210716s2006 xx 000 0 und d
020 _a8131401545
040 _cAIMIT LIBRARY
041 _aeng
082 _a001.0726583
_21
_b REDS
245 _aMergers and acquisitions :
_bstrategic role of human resource management /
_cEdited by Sumati Reddy
250 _a1st ed.
260 _aHyderabad :
_bICFAI University Press ,
_c2006.
300 _a210p. ;
_bPB
_c24 cm
650 _aThe role of human capital in M&A
_9186231
650 _aThe biggest risk of all
_9186232
650 _aMerging compensation strategies
_9186233
700 _aReddy, Sumathi., ed.
_9186234
942 _2ddc
_cBK
_e1st
_k001.0726583 REDS
999 _c202389
_d202389